| 000 | 01417nam a22002057a 4500 | ||
|---|---|---|---|
| 005 | 20250217142257.0 | ||
| 008 | 240709b ||||| |||| 00| 0 eng d | ||
| 040 | _cSSBUL | ||
| 082 |
_223 _a၂၉၄.၃၄၃၅ _bကန် |
||
| 100 | 0 |
_aကန်ခမ်း၊ စဝ် _946654 |
|
| 245 | 1 | 0 |
_aကောင်းမူးလုန်ရွှေဆတ်မင်းစေတီတော်သမိုင်း= The History 0f Kongmu Long/ _cစဝ်ကန်ခမ်း၊ ဘာသာပြန်သူ စဝ်နွယ်ဆားတော်(မိန်းလန်း)။ |
| 260 |
_aရန်ကုန် ၊ _c၂၀၂၀။ |
||
| 300 |
_a၇၀ စာမျက်နှာ၊ _bပုံများ၊ _c၂၁ စင်တီ။ |
||
| 500 | _a ကောင်းမူးလုန် ရွှေဆတ်မင်းစေတီတော်သမိုင်း=The History of Kongmu Long အင်္ဂလိပ်၊ မြန်မာနှစ်ဘာသာဖြင့်ရေးသားထားသည်။ | ||
| 504 | _6ကျမ်းကိုးစာရင်းပါဝင်သည်။ | ||
| 600 |
_aရွှေဆတ်မင်းစေတီ _946655 |
||
| 650 |
_aစေတီတော် _xသမိုင်း _946656 |
||
| 700 | 0 |
_aနွယ်ဆားတော်၊ စဝ်(မိန်းလန်း) ဘာသာပြန်သူ _946657 |
|
| 942 |
_2ddc _cBK |
||
| 999 |
_c37679 _d37679 |
||